Around the Perimeter of Austria Quiz Stats

 Plays Quiz Updated Apr 22, 2020

     
Support Sporcle.
Go Orange.
Score 0/10 Timer 01:00
3 Plays Today
% Correct
???
100%
???
78.7%
???
70.4%
???
63.8%
???
57.9%
???
36.5%
???
26.5%
???
24.8%
???
21.6%
???
21.6%

From the Vault

5x5 in 90: Mixed Television Minefield Blitz

by kfastic

It's important to mix things up every now and then.
Remove Ads.
Support Sporcle.
Get the best of Sporcle when you Go Orange. This ad-free experience offers more features, more stats, and more fun while also helping to support Sporcle. Thank you for becoming a member.

Show Comments

Extras

Top Quizzes Today


Score Distribution

Your Account Isn't Verified!

In order to create a playlist on Sporcle, you need to verify the email address you used during registration. Go to your Sporcle Settings to finish the process.

Report this User

Report this user for behavior that violates our Community Guidelines.

Details: